[Event "Jersey op"]
[Site "St Clement Bay"]
[Date "2019.04.07"]
[Round "2"]
[White "Byron, Alan M"]
[Black "Lemos, Damian"]
[Result "1/2-1/2"]
[WhiteElo "2208"]
[BlackElo "2482"]
[PlyCount "148"]
[EventDate "2019.04.06"]
[EventType "swiss"]
[EventRounds "9"]
[EventCountry "GCI"]
[SourceTitle "CBM 189 Extra"]
[Source "ChessBase"]
[SourceDate "2019.06.03"]
[SourceVersion "1"]
[SourceVersionDate "2019.06.03"]
[SourceQuality "1"]

1. e4 e5 2. Nf3 Nc6 3. Bb5 a6 4. Ba4 Nf6 5. 0-0 Be7 6. Re1 b5 7. Bb3 d6 8. c3 0-0 9. h3 Na5 10. Bc2 c5 11. d4 Qc7 12. d5 Bd7 13. Nbd2 c4 14. Nf1 Nb7 15. Ng3 a5 16. Nh4 g6 17. Bh6 Rfc8 18. Qd2 Ne8 19. Nf3 Nc5 20. h4 Rab8 21. h5 b4 22. Rab1 Rb7 23. Qe2 Rcb8 24. Nd2 b3 25. axb3 cxb3 26. Bd3 a4 27. Ra1 Qd8 28. hxg6 hxg6 29. Be3 Nxd3 30. Qxd3 Nf6 31. Ndf1 Ng4 32. Bd2 Kg7 33. Ne3 Nh6 34. Rec1 Bg5 35. c4 Rc8 36. Nef1 Ng4 37. Bxg5 Qxg5 38. f3 a3 39. Rc3 axb2 40. Rb1 Nf6 41. Rxb3 Rbc7 42. Rb4 Qc1 43. Ne2 Qh6 44. R1xb2 Rh8 45. Neg3 Rc5 46. Qe3 Qh4 47. Ra2 Rhc8 48. Qd3 Ne8 49. Ra7 Qd8 50. Rbb7 Nf6 51. Rb4 Ra5 52. Rxa5 Qxa5 53. Qb3 Qc5+ 54. Ne3 Ra8 55. Ngf1 Ra1 56. Kh2 Qa5 57. Rb6 Ne8 58. Qb4 Qa7 59. Rb7 Qa4 60. Qxa4 Bxa4 61. Ra7 Ra2 62. c5 dxc5 63. Nc4 Bb3 64. Rxa2 Bxa2 65. Nxe5 f5 66. exf5 gxf5 67. Ne3 f4 68. N3c4 Kf6 69. g3 Nd6 70. Ng4+ Ke7 71. Nxd6 fxg3+ 72. Kxg3 Kxd6 73. Ne3 Bxd5 74. Kf2 Ke5 1/2-1/2

[Event "Gibraltar Masters 17th"]
[Site "Caleta"]
[Date "2019.01.30"]
[Round "9"]
[White "Seeman, Tarvo"]
[Black "Byron, Alan M"]
[Result "1/2-1/2"]
[WhiteElo "2386"]
[BlackElo "2157"]
[PlyCount "146"]
[EventDate "2019.01.22"]
[EventType "swiss"]
[EventRounds "10"]
[EventCountry "GGB"]
[SourceTitle "CBM 188 Extra"]
[Source "ChessBase"]
[SourceDate "2019.02.26"]
[SourceVersion "1"]
[SourceVersionDate "2019.02.26"]
[SourceQuality "1"]

1. Nf3 d6 2. d4 Nf6 3. g3 g6 4. Bg2 Bg7 5. 0-0 0-0 6. a4 a5 7. Re1 Nbd7 8. e4 e5 9. Nbd2 b6 10. dxe5 dxe5 11. b3 Re8 12. Bb2 Ba6 13. Bf1 Bxf1 14. Kxf1 Nh5 15. Qe2 Qe7 16. Rad1 Nf8 17. Qb5 f6 18. Nc4 Rad8 19. Qc6 Ne6 20. Rd5 Qf7 21. Red1 Bf8 22. Rd7 Rxd7 23. Rxd7 Re7 24. Rd1 Qe8 25. Qd5 Rf7 26. Bc1 Bc5 27. Bh6 Bf8 28. Be3 Nhg7 29. Kg2 Kh8 30. Qb5 Qxb5 31. axb5 Nc5 32. Bxc5 Bxc5 33. Rd8+ Rf8 34. Rd7 Ne6 35. Ne1 Rd8 36. Rxd8+ Nxd8 37. Nd3 Ne6 38. f4 Bd4 39. fxe5 fxe5 40. h4 Kg7 41. Nd2 Kf6 42. Nf3 h5 43. Kh3 Bc3 44. g4 hxg4+ 45. Kxg4 Nd8 46. Ng1 c6 47. Ne2 Bd2 48. bxc6 Nxc6 49. c4 Na7 50. Ng1 Bc3 51. Nf3 Nc6 52. Kg3 Na7 53. Kg2 b5 54. cxb5 Nxb5 55. Nc5 Nd6 56. Ng5 Bd4 57. Nd3 Be3 58. Kf3 Bd4 59. Nc1 Nc8 60. Ne2 Bb2 61. Ke3 a4 62. bxa4 Nb6 63. Kd3 Nxa4 64. Kc4 Nb6+ 65. Kc5 Nc8 66. Kc6 Ne7+ 67. Kd7 Nf5 68. Nh7+ Kg7 69. exf5 gxf5 70. Ng5 Kg6 71. Ke6 Kh5 72. Kxf5 Kxh4 73. Nf3+ Kh5 1/2-1/2

[Event "Gibraltar Masters 17th"]
[Site "Caleta"]
[Date "2019.01.28"]
[Round "7"]
[White "De Haan, Eric"]
[Black "Byron, Alan M"]
[Result "0-1"]
[WhiteElo "2337"]
[BlackElo "2157"]
[PlyCount "94"]
[EventDate "2019.01.22"]
[EventType "swiss"]
[EventRounds "10"]
[EventCountry "GGB"]
[SourceTitle "CBM 188 Extra"]
[Source "ChessBase"]
[SourceDate "2019.02.26"]
[SourceVersion "1"]
[SourceVersionDate "2019.02.26"]
[SourceQuality "1"]

1. d4 Nf6 2. c4 e6 3. Nc3 d5 4. cxd5 exd5 5. Bg5 Be7 6. e3 Nbd7 7. Bd3 c6 8. Qc2 Nh5 9. Bxe7 Qxe7 10. 0-0-0 Nb6 11. h3 Be6 12. Kb1 0-0-0 13. Na4 Nxa4 14. Qxa4 Kb8 15. Nf3 Nf6 16. Rc1 Ne4 17. Qc2 g6 18. Ka1 Nd6 19. g4 Rhf8 20. Ne5 f6 21. Nf3 Bc8 22. Rhg1 Rde8 23. Nd2 f5 24. Nb3 f4 25. Rge1 fxe3 26. fxe3 Rf3 27. Qh2 Qc7 28. Qg1 Rxh3 29. Nd2 Qe7 30. a3 Rxe3 31. Nf3 Rxe1 32. Rxe1 Qc7 33. Rc1 Nf7 34. Rf1 a6 35. Ka2 Ka7 36. Nd2 Ng5 37. Nb3 Nh3 38. Qg2 Re3 39. Qd2 Re7 40. g5 Rf7 41. Re1 Nf4 42. Re8 Ne6 43. Qb4 b6 44. a4 c5 45. dxc5 bxc5 46. Qc3 c4 47. Na5 Bd7 0-1

[Event "Gibraltar Masters 17th"]
[Site "Caleta"]
[Date "2019.01.22"]
[Round "1"]
[White "Libiszewski, Fabien"]
[Black "Byron, Alan M"]
[Result "1-0"]
[WhiteElo "2481"]
[BlackElo "2157"]
[PlyCount "61"]
[EventDate "2019.01.22"]
[EventType "swiss"]
[EventRounds "10"]
[EventCountry "GGB"]
[SourceTitle "CBM 188 Extra"]
[Source "ChessBase"]
[SourceDate "2019.02.26"]
[SourceVersion "1"]
[SourceVersionDate "2019.02.26"]
[SourceQuality "1"]

1. e4 e5 2. Nf3 Nc6 3. Bc4 Nf6 4. d3 Be7 5. 0-0 0-0 6. Re1 d6 7. a4 Na5 8. Ba2 c5 9. c3 Be6 10. Bxe6 fxe6 11. b4 cxb4 12. cxb4 Nc6 13. b5 Nd4 14. Nxd4 exd4 15. Qb3 d5 16. Nd2 Kh8 17. Bb2 Bc5 18. Rac1 Bb6 19. exd5 Nxd5 20. Ne4 Qd7 21. Rc4 e5 22. Ba3 Rfe8 23. Rec1 Nf4 24. Qd1 a6 25. bxa6 Rxa6 26. g3 Ng6 27. Nd6 Rg8 28. Qg4 Qe7 29. Qf3 Rf8 30. Rc8 Bd8 31. Nf7+ 1-0